| 000 | 01297cab a22002415a 4500 | ||
|---|---|---|---|
| 001 | L149429 | ||
| 008 | 100305e20100124xxkbdo f s 000 0 eng d | ||
| 035 | _a(Sirsi) u149429 | ||
| 041 | 0 | _aeng | |
| 100 | 1 | _aPilkington, Lisa | |
| 245 | 0 | 0 |
_aFocus _bEast Midlands offices and retail |
| 260 | _c2010 | ||
| 490 |
_aEstates Gazette _v(1003) 23 January 2010, 77-93(14) |
||
| 520 | _aOptimism for Derby council from its new chief executive as he starts to work with the private sector to progress developments; agents in Leicester and Derby value prelets, office statistics comparing the two cities; retail in Leicester and Derby; two major office developments are planned for Nottingham - Unity Square and Eastside; vision to make Northampton a market city the size of Leicester; uncertainty about supersizing Daventry; major schemes in Lincoln are in doubt; Grantham's regeneration moves forward; what is the optimum time to develop Chesterfield's Waterside, an ambitious canal challenge costing £300m. | ||
| 590 | _aKA | ||
| 651 | 4 | _aEast Midlands (England) | |
| 690 | _aPROPERTY-COMMERCIAL PROPERTY-COMMERCIAL PROPERTY MARKET | ||
| 690 | _aPROPERTY-PROPERTY MANAGEMENT-REGENERATION | ||
| 700 | 1 | _aJacobs, Kurt | |
| 700 | 1 | _aCunningham, Daniel | |
| 700 | 1 | _aSmith, Melanie | |
| 942 | _n0 | ||
| 999 |
_c82173 _d82173 |
||